[Event "BCF-chT2 2223 (4NCL)"]
[Site "England"]
[Date "2023.03.18"]
[Round "7.48"]
[White "Salazar Eyre, Emma"]
[Black "Arora, Tashika"]
[Result "0-1"]
[WhiteElo "1736"]
[BlackElo "2028"]
[PlyCount "69"]
[EventDate "2022.10.22"]
[EventType "team-tourn"]
[EventRounds "11"]
[EventCountry "ENG"]
[SourceTitle "EXT 2024"]
[Source "ChessBase"]
[SourceDate "2023.10.10"]
[SourceVersion "1"]
[SourceVersionDate "2023.10.10"]
[SourceQuality "1"]
[WhiteTeam "North East England"]
[BlackTeam "Oxford"]
[WhiteTeamCountry "ENG"]
[BlackTeamCountry "ENG"]

1. e4 e5 2. Nf3 Nc6 3. Bc4 Nf6 4. d3 Bc5 5. c3 d6 6. Bb3 h6 7. h3 Qe7 8. 0-0 Bb6 9. Nbd2 a6 10. Nc4 Ba7 11. Ne3 Be6 12. Re1 Qd7 13. Bxe6 fxe6 14. Nc2 0-0-0 15. Be3 Bxe3 16. Nxe3 g5 17. b4 Rdg8 18. a4 Nd8 19. c4 h5 20. Nh2 g4 21. hxg4 hxg4 22. Nhxg4 Nxg4 23. Nxg4 Qh7 24. f3 Rxg4 25. fxg4 Qh2+ 26. Kf2 Rf8+ 27. Qf3 Rxf3+ 28. Kxf3 Qf4+ 29. Ke2 Qxg4+ 30. Kf2 Nc6 31. b5 Nb4 32. Red1 Nc2 33. Rac1 Nd4 34. Re1 Qf4+ 35. Kg1 0-1

[Event "Harrogate 4NCL op-B 29th"]
[Site "Harrogate"]
[Date "2023.01.21"]
[Round "2"]
[White "Millar, Greg F"]
[Black "Salazar Eyre, Emma"]
[Result "1/2-1/2"]
[WhiteElo "1784"]
[BlackElo "1700"]
[PlyCount "72"]
[EventDate "2023.01.20"]
[EventType "swiss"]
[EventRounds "5"]
[EventCountry "ENG"]
[SourceTitle "CBM 212 Extra"]
[Source "ChessBase"]
[SourceDate "2023.03.31"]
[SourceVersion "1"]
[SourceVersionDate "2023.03.31"]
[SourceQuality "1"]

1. e4 e5 2. Nf3 Nc6 3. Bb5 a6 4. Ba4 Nf6 5. 0-0 b5 6. Bb3 Bc5 7. c3 d6 8. a4 Bb7 9. d3 h6 10. Na3 0-0 11. Be3 Bxe3 12. fxe3 b4 13. Nc4 a5 14. Qe1 Qe7 15. Nh4 Nh5 16. Nd2 Kh8 17. Bxf7 Qxf7 18. Rxf7 Rxf7 19. Qe2 Nf6 20. Rf1 Ne7 21. d4 Raf8 22. cxb4 axb4 23. dxe5 dxe5 24. Qc4 c5 25. Nf5 Nxf5 26. Rxf5 Kh7 27. h3 Nxe4 28. Rxf7 Nxd2 29. Qe6 Bc8 30. Qe7 Rg8 31. Qxc5 Be6 32. Re7 Rc8 33. Qxe5 Rc1+ 34. Kf2 Rf1+ 35. Ke2 Bc4+ 36. Kxd2 Rf2+ 1/2-1/2